Moving beyond prejudice reduction : pathways to positive intergroup relations /

Bibliographic Details
Other Authors: Tropp, Linda R., Mallett, Robyn K.
Format: Book
Language:English
Published: Washington, DC : American Psychological Association, [2011]
Edition:1st ed.
Subjects:

MARC

Tag First Indicator Second Indicator Subfields
LEADER 00000cam a2200000 a 4500
001 in00002636721
005 20151202121415.0
008 100802s2011 dcua b 001 0 eng
010 |a  2010030130 
020 |a 9781433809286 
020 |a 1433809281 
020 |a 9781433809293 (e-book) 
020 |a 143380929X (e-book) 
029 1 |a HEBIS  |b 23179469X 
029 1 |a AU@  |b 000045891138 
035 |a (OCoLC)ocn652743610 
035 |a (OCoLC)652743610 
040 |a DLC  |c DLC  |d YDX  |d YDXCP  |d WHE  |d CDX  |d BWX  |d UtOrBLW 
049 |a TXAM 
050 0 0 |a BF575.P9  |b M68 2011 
082 0 0 |a 305  |2 22 
245 0 0 |a Moving beyond prejudice reduction :  |b pathways to positive intergroup relations /  |c edited by Linda R. Tropp and Robyn K. Mallett. 
250 |a 1st ed. 
264 1 |a Washington, DC :  |b American Psychological Association,  |c [2011] 
264 4 |c ©2011 
300 |a x, 272 pages :  |b illustrations ;  |c 26 cm. 
336 |a text  |b txt  |2 rdacontent 
337 |a unmediated  |b n  |2 rdamedia 
338 |a volume  |b nc  |2 rdacarrier 
504 |a Includes bibliographical references and index. 
505 0 |a Charting new pathways to positive intergroup relations / Linda R. Tropp and Robyn K. Mallett -- What can tolerance teach us about prejudice? Profiles of the nonprejudiced / Robert W. Livingston -- Measuring positive attitudes toward outgroups : development and validation of the Allophilia scale / Todd L. Pittinsky, Seth A. Rosenthal, and R. Matthew Montoya -- Understanding the intergroup forecasting error / Robyn K. Mallett, Dana E. Wagner, and Patrick R. Harrison -- Approaching versus avoiding intergroup contact : the role of expectancies and motivation / David A. Butz and E. Ashby Plant -- Focusing beyond the self : goal orientations in intergroup relations / Katya Migacheva, Linda R. Tropp, and Jennifer Crocker -- Cross-group friendships : how interpersonal connections encourage positive intergroup attitudes / Kristin Davies, Stephen C. Wright, and Arthur Aron -- Friendship and social interaction with outgroup members / Elizabeth Page-Gould and Rodolfo Mendoza-Denton -- Is multiculturalism bad for African Americans? Redefining inclusion through the lens of identity safety / Valerie Purdie-Vaughns and Gregory M. Walton -- Achieving forgiveness and trust in postconflict societies : the importance of self-disclosure and empathy / Hermann Swart ... [et al.] -- Promoting intergroup reconciliation in conflicts involving direct or structural violence : implications of the needs-based model / Arie Nadler and Nurit Shnabel -- Intergroup forgiveness and reparation in Chile : the role of identity and intergroup emotions / Roberto Gonzalez, Jorge Manzi, and Masi Noor -- Positive thoughts about positive approaches to intergroup relations / Samuel L. Gaertner and John F. Dovidio. 
650 0 |a Prejudices. 
650 0 |a Discrimination. 
650 0 |a Intergroup relations. 
700 1 |a Tropp, Linda R. 
700 1 |a Mallett, Robyn K. 
938 |a YBP Library Services  |b YANK  |n 3539712 
938 |a Coutts Information Services  |b COUT  |n 14491563 
938 |a Blackwell Book Service  |b BBUS  |n 3539712 
947 |a A14840407859 
945 |a PromptCat  |b 344618 
946 |a stk 
994 |a 92  |b TXA 
948 |a Cataloged  |b h  |c 2011/5/12  |d c  |e EGrant 
999 |a MARS 
999 f f |s 0660870e-7888-3768-9d61-a53d42d9c7ff  |i 2100a8fa-b9c4-33d3-9142-9440fdda693d  |t 0 
952 f f |p normal  |a Texas A&M University  |b College Station  |c Sterling C. Evans Library  |d Evans: Library Stacks  |t 0  |e BF575.P9 M68 2011  |h Library of Congress classification  |i unmediated -- volume  |m A14840407859 
998 f f |a BF575.P9 M68 2011  |t 0  |l Evans: Library Stacks